Minería transnacional, conflictos socioterritoriales y nuevas dinámicas expropiatorias: el Caso de Minera Alumbrea /

Na minha lista:
Detalhes bibliográficos
Autor Corporativo: Machado Aráoz, Horacio
Formato: Texto
Publicado em: Buenos Aires: Biblos
Tags: Adicionar Tag
Sem tags, seja o primeiro a adicionar uma tag!

MARC

LEADER 00000 a a2200000 04500
001 47500
003
040
110 |a Machado Aráoz, Horacio  
245 |a Minería transnacional, conflictos socioterritoriales y nuevas dinámicas expropiatorias:   |b el Caso de Minera Alumbrea /  |c Horacio Machado Aráoz  
260 |a Buenos Aires:   |b Biblos  
773 |g páginas 205-228  
999 |c 29866  |d 29866